Сельское хозяйство Яшкинского района в цифрах за период с 2003 года по 2007 годы; Прогрессивные технологии и экономика в машиностроении

Bibliographic Details
Parent link:Прогрессивные технологии и экономика в машиностроении.— 2009.— С. 165-167
Main Author: Шаталов Д. С.
Other Authors: Колпаков В. Б. (научный руководитель)
Language:Russian
Published: 2009
Subjects:
Format: Book Chapter
KOHA link:https://koha.lib.tpu.ru/cgi-bin/koha/opac-detail.pl?biblionumber=174815

MARC

LEADER 00000naa2a2200000 4500
001 174815
005 20231031164923.0
035 |a (RuTPU)RU\TPU\book\189563 
090 |a 174815 
100 |a 20100204d2009 k y0rusy50 ca 
101 0 |a rus 
102 |a RU 
200 1 |a Сельское хозяйство Яшкинского района в цифрах за период с 2003 года по 2007 годы  |f Д. С. Шаталов  |g науч. рук. В. Б. Колпаков 
463 0 |0 (RuTPU)RU\TPU\book\182778  |t Прогрессивные технологии и экономика в машиностроении  |o труды XIII региональной научно-практической конференции студентов и учащейся молодежи , 9-10 апреля 2009 г., Юрга  |f Томский политехнический университет (ТПУ), Юргинский технологический институт (ЮТИ) ; Прогрессивные технологии и экономика в машиностроении ; отв. за вып. Д. А. Чинахов  |v С. 165-167  |d 2009  |p 357 с. 
610 1 |a Яшкинский район 
610 1 |a сельское хозяйство 
610 1 |a животноводство 
610 1 |a зерновые культуры 
610 1 |a птицеводство 
610 1 |a комбайны 
610 1 |a молоко 
610 1 |a инвестиции 
610 1 |a оборудование 
610 1 |a труды учёных ТПУ 
700 1 |a Шаталов  |b Д. С. 
702 1 |a Колпаков  |b В. Б.  |4 727 
801 1 |a RU  |b 63413507  |c 20100204 
942 |c BK